000 00463nam a2200157 i 4500
001 41522
003 ES-MaACL
005 20230906160439.0
007 t|
008 030311q1952 sp ||||1| spa d
100 1 _aCarballo, Manuel.
_935005
245 1 0 _aGuía turística de España /
_cManuel Carballo.
260 _aMadrid, etc. :
_bDossat,
_c[1952?] (
_fSelecciones Gráf.)
300 _a2 v. :
_b153 plan. ;
_c20 cm.
852 _aES-MaACL
_jD-8504-05
_bR.32921
999 _c41522
_d41522